| 000 -LEADER |
| fixed length control field |
00666nam a22001697a 4500 |
| 005 - DATE AND TIME OF LATEST TRANSACTION |
| control field |
20231130162938.0 |
| 008 - FIXED-LENGTH DATA ELEMENTS--GENERAL INFORMATION |
| fixed length control field |
231130s1976 ru ||||| |||| 00| 0 rus d |
| 041 ## - LANGUAGE CODE |
| Language code of text/sound track or separate title |
rus |
| 080 ## - UNIVERSAL DECIMAL CLASSIFICATION NUMBER |
| Universal Decimal Classification number |
73/76 Б-87 |
| 100 ## - MAIN ENTRY--PERSONAL NAME |
| Personal name |
Бретаницкий Л. С. |
| 9 (RLIN) |
20537 |
| 245 ## - TITLE STATEMENT |
| Title |
Искусство Азербайджана IV-XVIII веков / |
| Statement of responsibility, etc. |
Л. С.Бретаницкий, Б. В. Веймарн. |
| 264 ## - PRODUCTION, PUBLICATION, DISTRIBUTION, MANUFACTURE, AND COPYRIGHT NOTICE |
| Place of production, publication, distribution, manufacture |
Москва : |
| Name of producer, publisher, distributor, manufacturer |
Искусство, |
| Date of production, publication, distribution, manufacture, or copyright notice |
1976. |
| 300 ## - PHYSICAL DESCRIPTION |
| Extent |
272 с. |
| Other physical details |
илл.; |
| Dimensions |
17 см. |
| 653 ## - INDEX TERM--UNCONTROLLED |
| keyword |
აზერბაიჯანის ხელოვნება |
| 700 ## - ADDED ENTRY--PERSONAL NAME |
| Personal name |
Веймарн, Б. В. |
| Relator term |
ავტორი |
| 9 (RLIN) |
20538 |
| 942 ## - ADDED ENTRY ELEMENTS (KOHA) |
| Source of classification or shelving scheme |
|
| Koha item type |
წიგნი |